000 01036nam a2200241Ia 4500
003 Ost
005 20260507075201.0
008 260507s9999||||xx |||||||||||||| ||und||
020 _a20084016149
040 _cfsecg
041 _aara
082 _a330
100 _aالتميمي، أكرم محمد حسين
_eمؤلف
245 0 _aالتنظيم القانوني للمهني :
_bدراسة مقارنة في نطاق الأعمال التجارية /
_c أكرم محمد حسين التميمي
260 _aبيروت:
_bمنشورات الحلبي الحقوقية,
_c2010
300 _a288 صفحة؛
_c24 سم
504 _aمراجع ص.263
520 _aالتأصيل التأريخي لفكرة المهني- مفهوم المهني والقيود المفروضة عليه- المركز القانوني للمهني- المسؤولية المدنية للمهني.
653 _aالأعمال التجارية
653 _aالمهن
653 _aقانون العمل والعمال
942 _cكتاب
999 _c43405
_d43405